000 00347nam a2200145Ia 4500
008 230917s9999||||xx |||||||||||||| ||und||
040 _e137345
_aMAIN
041 _aEnglish
082 _a658.4092 G413M
100 _aGilley, Jerry W.
245 0 _aManager as politician
260 _aDelhi
_bMacmillan
_c2005
300 _a156p p.
942 _cBK
999 _c145935
_d145935